| 000 | 00628nam a2200181 i 4500 | ||
|---|---|---|---|
| 001 | 48914 | ||
| 003 | ES-MaACL | ||
| 007 | t| | ||
| 008 | 030702s1973 sp ||||1| spa d | ||
| 100 | 1 |
_aCordonnier, Pierre. _940565 |
|
| 245 | 1 | 0 |
_aEconomía de la empresa agraria / _cPierre Cordonnier, Roland Carles, Pierre Marsal ; versión... y colaboración de J. L. Castilla Simarro. |
| 260 |
_aMadrid : _bMundi-Prensa, _c1973. |
||
| 300 |
_a506 p., 1 tabla pleg. ; _c22 cm. |
||
| 700 | 1 |
_aCarles, Roland. _935267 |
|
| 700 | 1 |
_aMarsal, Pierre. _977106 |
|
| 700 | 1 |
_aCastilla Simarro, J. L. _936654 |
|
| 852 |
_aES-MaACL _jE-7724 _bR.92075 |
||
| 999 |
_c48914 _d48914 |
||